000 01919cam a22004454i 4500
003 PE-LiUPU
005 20250731172912.0
008 150617s1992 sp r 000 0 spa d
035 _a(Sirsi) a16919
040 _aPE-LiUPU
_bspa
_cPE-LiUPU
_erda
049 _aPRUA
082 0 4 _a270.2302
_bA79
_221
110 2 _aAsociación Latinoamericana de Instituciones de Educación Teológica
245 1 0 _aOpción por el cambio :
_bManual de evaluación y planificación para la Educación Teológica por extensión.
264 1 _aSan José, Costa Rica :
_bSeminario Bíblico Latinoamericano,
_c1992.
300 _a128 páginas ;
_c28 centímetros
336 _atext
_2rdacontent
337 _aunmediated
_2rdamedia
338 _avolume
_2rdacarrier
505 0 _aInstrumentos para la reflexión sobre asuntos básicos de la educación teológica: Fundamentos teológicos y educativos. -Formación espiritual. -Estructuras, ideología, y valores. -Contextualización y globalización. -Instrumentos para la evaluación y la planificación de programas de ete: Currículo. -Materiales didácticos, aprendizaje experiencial y seminarios. -Estudiantes. -Facilitadores.
526 _aSEG42
526 _aSEG41
526 _aSEG40
526 _aSEG39
526 _aP94
526 _aP87
526 _aP86
526 _aP85
526 _aP77
526 _aP76
526 _aP35
650 0 4 _aEducación Teológica
_xEvaluación.
910 _ajck
_bjvq
_cjck
_d20150616
942 _2ddc
_cBOOK
949 _a270.2302 A79
_wDEWEY
_c1
_i33354
_lCCODEBUL1
_mBUL
_p00.00
_r0
_sY
_tBOOK
_u19930207
_xTEOLOGIA
_PP35
_0COMPRA
_o.STAFF. Colección General
994 _aC0
_bPEPRU
596 _a1
999 _a270.2302 A79
_wDEWEY
_c16440
_i33354
_f2021-11-11
_g5
_lCCODEBUL1
_mBUL
_p18.00
_r0
_sY
_tBOOK
_u2015-6-17
_xTEOLOGIA
_PP35
_0COMPRA
_o.STAFF. Colección Teología
_d16440
980 _81
_gALBERTO SANCHEZ Responsable de Automatización